<?xml version="1.0" encoding="UTF-8"?>
<record
    xmlns:xsi="http://www.w3.org/2001/XMLSchema-instance"
    xsi:schemaLocation="http://www.loc.gov/MARC21/slim http://www.loc.gov/standards/marcxml/schema/MARC21slim.xsd"
    xmlns="http://www.loc.gov/MARC21/slim">

  <leader>01144nam a22002297a 4500</leader>
  <datafield tag="952" ind1=" " ind2=" ">
    <subfield code="0">0</subfield>
    <subfield code="1">0</subfield>
    <subfield code="4">0</subfield>
    <subfield code="7">0</subfield>
    <subfield code="a">01</subfield>
    <subfield code="b">01</subfield>
    <subfield code="d">2018-09-28</subfield>
    <subfield code="l">0</subfield>
    <subfield code="o">342.02098 M869</subfield>
    <subfield code="p">01 014327</subfield>
    <subfield code="r">2018-09-28</subfield>
    <subfield code="t">1</subfield>
    <subfield code="w">2018-09-28</subfield>
    <subfield code="y">LB</subfield>
  </datafield>
  <datafield tag="999" ind1=" " ind2=" ">
    <subfield code="c">103396</subfield>
    <subfield code="d">103396</subfield>
  </datafield>
  <controlfield tag="005">20231102152055.0</controlfield>
  <controlfield tag="008">180928t2015    mx |||||r|||| 00| 0 spa d</controlfield>
  <datafield tag="020" ind1=" " ind2=" ">
    <subfield code="a">9786079352431</subfield>
  </datafield>
  <datafield tag="082" ind1=" " ind2="4">
    <subfield code="a">342.02098</subfield>
    <subfield code="b">M869</subfield>
  </datafield>
  <datafield tag="245" ind1=" " ind2=" ">
    <subfield code="a">Movimientos sociales y procesos constituyentes contempor&#xE1;neos en M&#xE9;xico y Am&#xE9;rica Latina</subfield>
    <subfield code="c"> / coordinadores Oscar Correas, Daniel Sandoval, Alma Melgarito</subfield>
  </datafield>
  <datafield tag="260" ind1="3" ind2=" ">
    <subfield code="a">M&#xE9;xico</subfield>
    <subfield code="b">Universidad Nacional Aut&#xF3;noma de M&#xE9;xico, Centro de Investigaciones Interdisciplinarias en Ciencias y Humanidades</subfield>
    <subfield code="b">Ediciones Coyoac&#xE1;n</subfield>
    <subfield code="c">, 2015</subfield>
  </datafield>
  <datafield tag="300" ind1=" " ind2=" ">
    <subfield code="a">290 p&#xE1;ginas</subfield>
  </datafield>
  <datafield tag="490" ind1=" " ind2=" ">
    <subfield code="a">Derecho y sociedad</subfield>
    <subfield code="v">113</subfield>
  </datafield>
  <datafield tag="505" ind1=" " ind2=" ">
    <subfield code="a">Constitucionalismo y procesos pol&#xED;ticos en Am&#xE9;rica Latina
Nuevas constituciones, nuevos horizontes. Perspectivas cr&#xED;ticas</subfield>
  </datafield>
  <datafield tag="519" ind1=" " ind2=" ">
    <subfield code="a">Plan Flexible / </subfield>
    <subfield code="b">Periodismo y Medios Digitales / </subfield>
    <subfield code="c">Estudio del M&#xE9;xico Contempor&#xE1;neo (B07-3) / </subfield>
    <subfield code="d">(01 014327)</subfield>
  </datafield>
  <datafield tag="650" ind1="1" ind2="4">
    <subfield code="a">DERECHO CONSTITUCIONAL</subfield>
    <subfield code="z">AM&#xC9;RICA LATINA</subfield>
  </datafield>
  <datafield tag="650" ind1="2" ind2="4">
    <subfield code="a">MOVIMIENTOS SOCIALES</subfield>
    <subfield code="z">AM&#xC9;RICA LATINA</subfield>
  </datafield>
  <datafield tag="700" ind1=" " ind2=" ">
    <subfield code="a">Correas, Oscar</subfield>
    <subfield code="e">coordinador</subfield>
  </datafield>
  <datafield tag="700" ind1="1" ind2=" ">
    <subfield code="a">Sandoval, Daniel</subfield>
    <subfield code="e">coordinador</subfield>
  </datafield>
  <datafield tag="700" ind1="1" ind2=" ">
    <subfield code="a">Melgarito, Alma</subfield>
    <subfield code="e">coordinador</subfield>
  </datafield>
  <datafield tag="942" ind1=" " ind2=" ">
    <subfield code="c">LB</subfield>
  </datafield>
</record>
